00282nam a2200121Ia 4500008004100000082001500041100001700056245002600073250000800099260003700107300000800144650000800152191201s2006 xx 000 0 und d a658.5bKRO aKRAJEWSKI, L 0aOperations Management a1st aN.DelhibPearson Educationc2006 a718 aMBA